| Tag |
First Indicator |
Second Indicator |
Subfields |
| LEADER |
00000nam a2200000Ia 4500 |
| 001 |
in00004331505 |
| 005 |
20200812091514.0 |
| 006 |
m g d |
| 007 |
cr bn |||a|bb| |
| 008 |
030715s1685 stk o 000 0 eng d |
| 035 |
|
|
|a (OCoLC)52615028
|
| 040 |
|
|
|a EAE
|c EAE
|e dcrb
|
| 037 |
|
|
|a CL0037000119
|b ProQuest Information and Learning. 300 N. Zeeb Rd., Ann Arbor, MI 48106
|
| 043 |
|
|
|a e-uk-st
|
| 090 |
|
|
|a KDC823
|b .S36 1685
|
| 049 |
|
|
|a UMIA
|
| 110 |
1 |
|
|a Scotland.
|b Parliament.
|
| 245 |
1 |
2 |
|a A declaration and offer of duty by the kingdom of Scotland, :
|b with an annexation of the excise to the crown. Edinburgh, April 28, 1685.
|
| 260 |
|
|
|a Edinburgh, :
|b Printed by the heir of Andrew Anderson ...,
|c Anno Dom. 1685.
|
| 300 |
|
|
|a 1 online resource (1 sheet ([1] pages)
|
| 336 |
|
|
|a text
|b txt
|2 rdacontent
|
| 337 |
|
|
|a computer
|b c
|2 rdamedia
|
| 338 |
|
|
|a online resource
|b cr
|2 rdacarrier
|
| 500 |
|
|
|a Caption title.
|
| 500 |
|
|
|a Initial letter.
|
| 500 |
|
|
|a At head: royal seal with initial "J R".
|
| 500 |
|
|
|a Imperfect: stained, tightly bound with slight loss of text.
|
| 500 |
|
|
|a Reproduction of original in: National Library of Scotland.
|
| 510 |
4 |
|
|a Wing (2nd edition)
|c S1199
|
| 533 |
|
|
|a Electronic reproduction.
|b Ann Arbor, Mich. :
|c UMI,
|d 1999-
|f (Early English books online)
|n Digital version of: (Early English Books, 1641-1700 ; 2762:7)
|7 s1999 miun s
|
| 650 |
|
0 |
|a Excise tax
|x Law and legislation
|z Scotland
|v Early works to 1800.
|
| 655 |
|
7 |
|a Broadsides
|z Scotland
|y 17th century.
|2 rbgenr
|
| 830 |
|
0 |
|a Early English books online.
|
| 856 |
4 |
0 |
|u http://proxy.library.tamu.edu/login?url=https://search.proquest.com/docview/2240860500
|z Connect to the full text of this electronic book
|t 0
|
| 999 |
f |
f |
|s 7132f44a-9eb9-38fe-9324-62d0adb3e102
|i 26d926d8-bd47-308e-a39f-b5157b6a3354
|t 0
|
| 952 |
f |
f |
|a Texas A&M University
|b College Station
|c Electronic Resources
|d Available Online
|t 0
|e KDC823 .S36 1685
|h Library of Congress classification
|
| 998 |
f |
f |
|a KDC823 .S36 1685
|t 0
|l Available Online
|